000 00428nam a2200169Ia 4500
008 220216s9999 xx 000 0 und d
100 _aPushpadas M.V.
245 0 _aBrown bast and nutrition: A case study
260 _bRubber Board Bulletin
_c1975
300 _a83-88
650 _aBrown bast
650 _aNutrition
700 _aKarthikakuttyamma M.
700 _aKrishnakumari M.
700 _aNair K.K.
942 _cBS
999 _c48401
_d48401